00408 2200157 4500001002100000008004100021035002000062245004100082100001700123260003200140300002200172020002200194084001400216082000800230990001200238INLIS000000000002801 IND  a0010-0925000148 aCinta Tak Kenal LogikacKamal Agusta aKamal Agusta aJakartabRumah Oranyec2014 a222c(13 x 19 cm) a978-602-1588-82-6 a813 KAM c a813 a0755023